Trent`anni di attività al servizio della pace e dlla collaborazione internazionale: 1947-1977
Sparad:
| Institutionell upphovsman: | |
|---|---|
| Materialtyp: | Bok |
| Språk: | italienska |
| Publicerad: |
Roma
Banco di Roma
1977
|
| Ämnen: | |
| Taggar: |
Lägg till en tagg
Inga taggar, Lägg till första taggen!
|
MARC
| LEADER | 00000nam a2200000 a 4500 | ||
|---|---|---|---|
| 001 | UCO2048 | ||
| 003 | CL-VaPUC | ||
| 008 | 000602e19770000IT |||||||||||||||||ita|d | ||
| 082 | 0 | 4 | |a 327 |b CEN |2 21 |
| 110 | 2 | |a Centro Italiano di Studi per la Conciliazione Internazionale |e author |9 444739 | |
| 245 | 1 | 0 | |a Trent`anni di attività al servizio della pace e dlla collaborazione internazionale: 1947-1977 |
| 300 | |a 89 p | ||
| 942 | |c BK | ||
| 945 | |d 20000602 00:00:00 |a crobeson | ||
| 260 | |a Roma |b Banco di Roma |c 1977 | ||
| 650 | 7 | |a POLITICA INTERTNACIONAL |2 CL-VaPUC |9 444740 | |
| 650 | 0 | |a Relaciones Internacionales |9 255740 | |
| 583 | |a last modification |c 20000602 00:00:00 |k Rodrigo Vera | ||
| 999 | |c 288591 |d 288589 | ||
| 952 | |0 0 |1 0 |4 0 |6 327_000000000000000_CEN_1977 |7 0 |8 A |9 336366 |a BIBHIS |b BIBHIS |d 2019-11-20 |i 1277847 |o 327 CEN 1977 |p 1277847 |r 2025-01-20 |w 2019-11-20 |y BK |k HIS | ||